[Event "Portela Memorial tt"]
[Site "Havana"]
[Date "2018.07.22"]
[Round "6.4"]
[White "Hernandez Barreras, Yerandy Jose"]
[Black "Blanco Milet, Leandro"]
[Result "1/2-1/2"]
[WhiteElo "2180"]
[BlackElo "2037"]
[PlyCount "68"]
[EventDate "2018.07.16"]
[EventType "team-tourn"]
[EventRounds "9"]
[EventCountry "CUB"]
[SourceTitle "EXT 2021"]
[Source "ChessBase"]
[SourceDate "2020.10.23"]
[SourceVersion "1"]
[SourceVersionDate "2020.10.23"]
[SourceQuality "1"]

1. e4 c6 2. d4 d5 3. e5 Bf5 4. Nf3 e6 5. Be2 c5 6. c3 Nc6 7. 0-0 Bg4 8. Nbd2 cxd4 9. cxd4 Nge7 10. h3 Bxf3 11. Nxf3 Nf5 12. b3 Be7 13. Bb2 0-0 14. Rc1 Qb6 15. Qd2 Rfc8 16. g4 Nh4 17. Nxh4 Bxh4 18. Bd3 a5 19. f4 Nxd4 20. Bxh7+ Kxh7 21. Bxd4 Qb4 22. Qd3+ Kg8 23. f5 a4 24. Kg2 Rxc1 25. Rxc1 axb3 26. fxe6 fxe6 27. axb3 Ra2+ 28. Kg1 Bf2+ 29. Bxf2 Rxf2 30. Rc8+ Rf8 31. Qc3 Qxc3 32. Rxc3 g5 33. Rc7 Rf7 34. Rc8+ Kg7 1/2-1/2

[Event "Havana Occidental zt"]
[Site "Havana"]
[Date "2018.06.30"]
[Round "1"]
[White "Blanco Milet, Leandro"]
[Black "Martin Campos, Beatriz Josefa"]
[Result "1-0"]
[WhiteElo "2037"]
[BlackElo "1886"]
[PlyCount "20"]
[EventDate "2018.06.28"]
[EventType "tourn"]
[EventRounds "9"]
[EventCountry "CUB"]
[SourceTitle "EXT 2021"]
[Source "ChessBase"]
[SourceDate "2020.10.23"]
[SourceVersion "1"]
[SourceVersionDate "2020.10.23"]
[SourceQuality "1"]

1. e4 e5 2. Nf3 Nc6 3. d4 exd4 4. Bc4 d5 5. Bxd5 Be6 6. 0-0 Bxd5 7. exd5 Qxd5 8. Nc3 Qd7 9. Re1+ Be7 10. Ne4 0-0-0 1-0

[Event "Capablanca Memorial op 53rd"]
[Site "Havana"]
[Date "2018.05.16"]
[Round "7"]
[White "Morales Romero, Romaris"]
[Black "Blanco Milet, Leandro"]
[Result "1-0"]
[WhiteElo "2251"]
[BlackElo "2061"]
[PlyCount "137"]
[EventDate "2018.05.09"]
[EventType "swiss"]
[EventRounds "10"]
[EventCountry "CUB"]
[SourceTitle "EXT 2021"]
[Source "ChessBase"]
[SourceDate "2020.10.23"]
[SourceVersion "1"]
[SourceVersionDate "2020.10.23"]
[SourceQuality "1"]

1. e4 d5 2. exd5 Nf6 3. Nc3 Nxd5 4. Bc4 Be6 5. Qf3 c6 6. Nge2 Nc7 7. d3 g6 8. Be3 Bg7 9. 0-0-0 Nd7 10. Bxe6 Nxe6 11. g4 Nf6 12. Kb1 Qa5 13. h4 h5 14. gxh5 Qxh5 15. Qg2 Qg4 16. Ng3 Nh5 17. Nce2 Nhf4 18. Bxf4 Nxf4 19. Qe4 e5 20. f3 Qe6 21. Nxf4 exf4 22. Qxf4 0-0-0 23. Ne4 Qe5 24. Qxe5 Bxe5 25. f4 Bxf4 26. Rdf1 Bc7 27. Rxf7 Rdf8 28. Rxf8+ Rxf8 29. c3 Rh8 30. Rg1 Rxh4 31. Rxg6 Rh8 32. Kc2 Re8 33. Nd6+ Bxd6 34. Rxd6 Kc7 35. Rh6 Re2+ 36. Kb3 Rd2 37. d4 b5 38. a4 bxa4+ 39. Ka3 Kb7 40. Rh5 Kb6 41. Rc5 Rg2 42. Rc4 Rf2 43. Rb4+ Kc7 44. Rxa4 Kb6 45. Rb4+ Kc7 46. Kb3 Rg2 47. Ka3 Rd2 48. Rc4 Kb6 49. b4 Rd3 50. Rc5 Rd1 51. Kb3 Rd2 52. Kc4 a6 53. Rh5 Rd1 54. Rh7 Rd2 55. Rd7 Rd1 56. Rg7 Rd2 57. Rg6 Rd1 58. Rh6 Rd2 59. Kb3 Kc7 60. Rh7+ Kb6 61. Rd7 Rg2 62. c4 Rg3+ 63. Ka4 a5 64. bxa5+ Ka6 65. Rc7 Rg6 66. Kb4 Rd6 67. Kc5 Rd8 68. Rxc6+ Kxa5 69. d5 1-0

[Event "Aleman Memorial"]
[Site "Havana"]
[Date "2018.??.??"]
[Round "6"]
[White "Blanco Milet, Leandro"]
[Black "Fernandez Rivero, Karla July"]
[Result "1/2-1/2"]
[WhiteElo "2055"]
[BlackElo "2000"]
[PlyCount "100"]
[EventDate "2018.02.02"]
[EventType "swiss"]
[EventRounds "7"]
[EventCountry "CUB"]
[SourceTitle "EXT 2021"]
[Source "ChessBase"]
[SourceDate "2020.10.23"]
[SourceVersion "1"]
[SourceVersionDate "2020.10.23"]
[SourceQuality "1"]

1. d4 Nf6 2. Bf4 e6 3. e3 b6 4. Nf3 Be7 5. Bd3 Bb7 6. Nbd2 c5 7. c3 Nc6 8. h3 0-0 9. 0-0 d6 10. Bh2 g6 11. Qb1 cxd4 12. cxd4 Rc8 13. a3 Qd7 14. b4 Rfd8 15. Rd1 Qe8 16. Qb3 Bf8 17. Rac1 Nb8 18. b5 Rxc1 19. Rxc1 Rc8 20. Qb2 Nbd7 21. a4 Rxc1+ 22. Qxc1 e5 23. Bb1 e4 24. Ne1 d5 25. Qc7 Qc8 26. Qxc8 Bxc8 27. Nc2 Bb7 28. Ba2 Ne8 29. f3 exf3 30. gxf3 Nd6 31. Kf2 Be7 32. Ke2 a6 33. Kd3 axb5 34. Bxd6 Bxd6 35. axb5 Nf6 36. e4 dxe4+ 37. fxe4 Bf4 38. Ne3 Kf8 39. Nec4 Nd7 40. Bb3 Ke7 41. Bd1 f5 42. Bf3 fxe4+ 43. Bxe4 Bxe4+ 44. Kxe4 Bxd2 45. Nxd2 Ke6 46. d5+ Kf6 47. Nc4 g5 48. Nd6 h5 49. Ne8+ Kf7 50. Nd6+ Kf6 1/2-1/2

[Event "Aleman Memorial"]
[Site "Havana"]
[Date "2018.??.??"]
[Round "7"]
[White "Hernandez Fernandez, Noel"]
[Black "Blanco Milet, Leandro"]
[Result "0-1"]
[WhiteElo "1884"]
[BlackElo "2055"]
[PlyCount "104"]
[EventDate "2018.02.02"]
[EventType "swiss"]
[EventRounds "7"]
[EventCountry "CUB"]
[SourceTitle "EXT 2021"]
[Source "ChessBase"]
[SourceDate "2020.10.23"]
[SourceVersion "1"]
[SourceVersionDate "2020.10.23"]
[SourceQuality "1"]

1. d4 c5 2. e3 Nf6 3. Nf3 g6 4. Be2 Bg7 5. 0-0 0-0 6. c4 cxd4 7. exd4 d5 8. Nc3 Nc6 9. h3 dxc4 10. Bxc4 Na5 11. Be2 Be6 12. Bg5 Bd5 13. Qa4 a6 14. Rfe1 Re8 15. Ne5 Rc8 16. Nxd5 Nxd5 17. Bd2 Nc6 18. Bf3 e6 19. Nxc6 Rxc6 20. Bxd5 Qxd5 21. Bc3 Rec8 22. Rad1 Rc4 23. Qb3 Bxd4 24. Bxd4 Rxd4 25. Rxd4 Qxd4 26. Qxb7 Rc2 27. Re3 Rxb2 28. Qxa6 Rb1+ 29. Kh2 Qf4+ 30. Rg3 Qxf2 31. Rf3 Qg1+ 32. Kg3 Qe1+ 33. Kh2 Qe5+ 34. Rg3 h5 35. Qc8+ Kh7 36. Qc3 Qb8 37. Qf6 Kg8 38. h4 Qd6 39. Qc3 Rd1 40. Qa3 Qf4 41. Qe7 Rd4 42. Kh3 Rd1 43. Kh2 Rh1+ 44. Kxh1 Qxg3 45. a4 Qe1+ 46. Kh2 Qe5+ 47. Kh1 Qa1+ 48. Kh2 Qxa4 49. Kg3 Kg7 50. Kf3 Qg4+ 51. Kf2 Qd4+ 52. Kg3 Qe5+ 0-1

[Event "Bayamo Cespedes Memorial op"]
[Site "Bayamo"]
[Date "2017.03.06"]
[Round "8.12"]
[White "Suarez Aguilera, Omar Eduardo"]
[Black "Blanco Milet, Leandro"]
[Result "1/2-1/2"]
[WhiteElo "2098"]
[BlackElo "2031"]
[PlyCount "92"]
[EventDate "2017.03.01"]
[EventType "swiss"]
[EventRounds "9"]
[EventCountry "CUB"]
[SourceTitle "EXT 2023"]
[Source "ChessBase"]
[SourceDate "2022.10.05"]
[SourceVersion "1"]
[SourceVersionDate "2022.10.05"]
[SourceQuality "1"]

1. d4 g6 2. e4 c5 3. d5 Bg7 4. c4 d6 5. Nc3 Nf6 6. f4 0-0 7. Nf3 e6 8. dxe6 Bxe6 9. Bd3 Nc6 10. 0-0 a6 11. f5 Bc8 12. Bg5 h6 13. Bh4 gxf5 14. exf5 Ne7 15. Nd2 d5 16. cxd5 Nexd5 17. Rf3 Nxc3 18. bxc3 b5 19. Rg3 Bb7 20. Bxf6 Qxf6 21. Qg4 Rad8 22. Rd1 Rfe8 23. h4 c4 24. Bc2 Kf8 25. Kh2 Bc6 26. Be4 Bxe4 27. Nxe4 Qe5 28. Rxd8 Rxd8 29. f6 Bxf6 30. Nxf6 Qxf6 31. Qg8+ Ke7 32. Re3+ Kd7 33. Qg4+ Kc7 34. Qe4 Rd3 35. Rxd3 cxd3 36. Qxd3 Qd6+ 37. Qxd6+ Kxd6 38. Kg3 f5 39. Kf4 Ke6 40. g4 fxg4 41. Kxg4 Kf6 42. Kf4 Kg6 43. Kg4 a5 44. a3 h5+ 45. Kf4 Kf6 46. Ke4 Ke6 1/2-1/2

[Event "Guillermo Garcia Memorial op 24th"]
[Site "Santa Clara"]
[Date "2015.06.08"]
[Round "6"]
[White "Garcia Morales, Ivette Alejandra"]
[Black "Blanco Milet, Leandro"]
[Result "1-0"]
[WhiteElo "2093"]
[BlackElo "1988"]
[PlyCount "113"]
[EventDate "2015.06.03"]
[EventType "swiss"]
[EventRounds "9"]
[EventCountry "CUB"]
[SourceTitle "CBM 167 Extra"]
[Source "ChessBase"]
[SourceDate "2015.09.14"]
[SourceVersion "1"]
[SourceVersionDate "2015.09.14"]
[SourceQuality "1"]

1. d4 Nf6 2. Nf3 b5 3. g3 Bb7 4. Bg2 d6 5. 0-0 Nbd7 6. b3 e6 7. c4 bxc4 8. bxc4 Be7 9. Nc3 0-0 10. Qc2 c5 11. d5 exd5 12. Nh4 Nb6 13. Rd1 g6 14. cxd5 Nfd7 15. Nf3 Bf6 16. e4 Re8 17. Bh6 Ne5 18. Nxe5 Bxe5 19. h4 Rb8 20. Rab1 Ba6 21. Bf1 Bxf1 22. Rxf1 Qd7 23. Kg2 Bg7 24. Bxg7 Kxg7 25. f3 Nc4 26. Qd3 Na3 27. Rxb8 Rxb8 28. Rf2 Rb6 29. f4 f6 30. e5 dxe5 31. fxe5 fxe5 32. Qf3 Qe7 33. Na4 Nb5 34. Nxb6 axb6 35. g4 Nd4 36. Qe4 Qd6 37. a4 Kg8 38. g5 Nf5 39. Re2 Kf7 40. Qxe5 Nxh4+ 41. Kf2 Qxe5 42. Rxe5 Nf5 43. Re6 Ne7 44. Rf6+ Ke8 45. Rxb6 Nxd5 46. Rb7 Kd8 47. Rxh7 Nc3 48. a5 Ne4+ 49. Ke3 Nxg5 50. a6 Nxh7 51. a7 Ke7 52. a8Q Nf8 53. Qc6 Ne6 54. Ke4 g5 55. Ke5 Nf4 56. Qd6+ Ke8 57. Kf6 1-0